000 00477nam a22001817a 4500
003 MPLRDC
005 20220104153758.0
008 210129b ||||| |||| 00| 0 eng d
020 _a957-33-0267-5
082 _a947.412 WZ-5 v.29
100 _a王泽
245 _a老夫子全集之二十九
_c
260 _a
_b皇冠文学出版有限公司
_c
300 _b
490 _a皇冠漫画丛书第十六种
650 _a老夫子漫画
942 _cBK
_o947.412 WZ-5 v.29
999 _c53609
_d53599